000 00494nam a2200193Ia 4500
001 20161
003 GE_BSU
008 181216s||||||||xx |||||||||||||| ||und||
040 _cGE_BSU
245 4 _aThe Economist, March 4-th-107th. 2017
245 _bNumber 9030 Volume 422
260 _aParis
260 _c2017
300 _a74p. 27cm. ill.
653 _aNumber 9030 Volume 422
653 _aThe Economist. March 4-th-107th. 2017
653 _aპერიოდიკა
942 _cCR
999 _c53122
_d53122